<?xml version="1.0" encoding="UTF-8"?>
<collection xmlns="http://www.loc.gov/MARC21/slim">
 <record>
  <leader>00370pamaa2200157   4500</leader>
  <controlfield tag="001">0000038078</controlfield>
  <controlfield tag="005">20090609090000.0</controlfield>
  <datafield tag="020" ind1="0" ind2="0">
   <subfield code="a">3527304444 (pbk) </subfield>
  </datafield>
  <datafield tag="090" ind1="0" ind2="0">
   <subfield code="a">QP601 </subfield>
   <subfield code="b">BIS 2004</subfield>
  </datafield>
  <datafield tag="100" ind1="1" ind2="0">
   <subfield code="a">BISSWANGER </subfield>
  </datafield>
  <datafield tag="245" ind1="1" ind2="0">
   <subfield code="a">Practical Enzymology  </subfield>
   <subfield code="c">Hans Bisswanger.</subfield>
  </datafield>
  <datafield tag="260" ind1="0" ind2="0">
   <subfield code="a">Germany: </subfield>
   <subfield code="b">Wiley-VCH, </subfield>
   <subfield code="c">2004.</subfield>
  </datafield>
  <datafield tag="300" ind1=" " ind2=" ">
   <subfield code="a">xv, 255p.; </subfield>
   <subfield code="c">24 cm.</subfield>
  </datafield>
  <datafield tag="650" ind1="0" ind2="0">
   <subfield code="a">Enzymology </subfield>
  </datafield>
 </record>
</collection>
